000 00625cam a22002411 4500
001 sa 66007356
003 DLC
005 20260227112304.0
008 891120s1966 ii 000 0 hino
010 _asa 66007356
035 _a(OCoLC)20678664
040 _aDLC
_cWaU
_dDLC
041 0 _ahinsan
042 _apremarc
050 0 0 _aPK666
_b.U6
100 1 _aUpadhyay, Ramji,
_d1920-
245 1 0 _aSaṃskr̥ta vyākaraṇa.
260 _c[1966]
300 _a10, 349 p.
_c22 cm.
500 _aHindi or Sanskrit.
650 0 _aSanskrit language
_xGrammar.
650 0 _aSanskrit language
_xComposition and exercises.
999 _c71124
_d71124